000 00676nam a2200289Ia 4500
005 20260324150848.0
008 008 260324s9999 xx 000 0 eng d
020 _a9781315658179
037 _aEBOOK
040 _aCRL
040 _beng
040 _cCRL
041 _2eng
041 _aeng
084 _qCRL
100 _aH.C. Armstrong
_91227880
245 0 _aGrey Wolf-- Mustafa Kemal
245 3 _bAn Intimate Study of a Dictator
260 _bTaylor and Francis
260 _c1932
365 _a
365 _b230
856 _uhttp://www.taylorfrancis.com/books/9781315658179
942 _cEBOOK
999 _c1838066
_d1838066